Legal Super Smash Bros. Ultimate Stages - Statistics

General Stats
  • This quiz has been taken 99 times
    84 since last reset
  • The average score is 8 of 13
Answer Stats
Series Stage % Correct
Super Smash Bros. Battlefield
100%
Super Smash Bros. Final Destination
97%
Pokémon Pokémon Stadium 2
95%
Animal Crossing Smashville
85%
Animal Crossing Town and City
80%
Starfox Lylat Cruise
71%
Pokémon Kalos Pokémon League
66%
Pokémon Unova Pokémon League
48%
Fire Emblem Castle Siege
45%
The Legend of Zelda Skyloft
42%
______ ______ Yoshi’s Island
40%
______ ______ Yoshi’s Story
40%
_________ ___ Warioware, Inc.
26%
No matching quizzes found
Score Distribution
Percent of People with Each Score
Percentile by Number Answered
Your Score History
You have not taken this quiz since the last reset